000 002680000a22000970004500
100 1 _aDeiros, Pablo A. (Alberto) (1945-)
245 1 0 _aLa religiones de mesoamérica
300 _aVol. 7, Num 1 (Marzo de 1988), Páginas 26-29
773 0 _tIglesia y Misión
942 _cANA
999 _c51750
_d51750